000 01356nam a2200349 i 4500
001 000036056
003 DO-SdBNP
005 20241018140648.0
007 ta
008 101013s1984 dr a 001 0 spa d
020 _a8449980577
040 _aDO-SdBNP
_bspa
_cBNPHU
_erda
082 4 _a724.1
_bP171m, 1984
_222
100 1 _aPalm, Erwin Warter,
_d1910-1988
_946400
_eautor
_4aut.
245 1 4 _aLos monumentos arquitectónicos de la Española /
_cErwin Warter Palm.
250 _aSegunda edición
264 _aSanto Domingo :
_bEditora Sociedad Dominicana de Bibliófilos,
_c1984.
300 _axliv, 221 páginas :
_bilustraciones, mapas, retratos. ;
_c28 cm.
336 _atexto
_btxt
_2rdacontent
337 _asin mediación
_bn
_2rdamedia
338 _avolumennc
_bnc
_2rdacarrier
490 1 _aCultura dominicana
_v53
500 _aIncluye bibliografía e índice alfabético.
500 _aIncluye referencias bibliográficas y notas al pie de las páginas.
505 0 _av.1
_tEl proceso de la hispanización--
_gv.2--
_tLos monumentos.
590 _aInventariado, 2018/LP
650 4 _aMonumentos históricos
_zRepública Dominicana
_926163
650 4 _aArquitectura colonial
_zRepública Dominicana
_934508
650 4 _aArte colonial
_zRepública Dominicana
_934509
910 _aValidado. Control de calidad MMOLINA
942 _2ddc
_cLBS1
999 _c35547
_d35547